000 00821nam a22001935i 4500
001 163823
003 ES-MaACL
005 20250929063240.0
008 000125s1843 sp |||| | spa d
040 _aCCPB | B
_bspa
_cCCPB | B
100 1 _aRodríguez Rubí, Tomás,
_d1817-1890
_9131953
245 1 3 _aLa rueda de la fortuna
_b: comedia en cuatro actos /
_cTomás Rodríguez Rubí.
260 _aMadrid :
_b[Manuel Delgado],
_c1843 (
_fImprenta de Yenes)
300 _a96 p. ;
_c21 cm.
490 1 _aGalería dramática
830 0 _aGalería dramática
_9186796
852 _aES-MaACL
_jF-8585(3)
_z-- Enc. pasta española
_z-- Enc. en un vol. facticio, formando parte de la col. facticia: "Teatro español moderno", vol. 38
_x-- Edic.: el dato de serie debe consta en la cub.
999 _c163823
_d163823